[Event "BL 0304 Stuttgarter Sfr - SV Werder Bremen"]
[Site "Bremen"]
[Date "2003.12.14"]
[Round "6.4"]
[White "Papa, Severin"]
[Black "Pelletier, Yannick"]
[Result "0-1"]
[WhiteElo "2401"]
[BlackElo "2604"]
[PlyCount "66"]
[EventDate "2003.12.13"]

1. e4 c5 2. Nf3 e6 3. b3 d6 4. Bb2 Nd7 5. d4 cxd4 6. Nxd4 Ngf6 7. Nd2 a6 8. g3
b6 9. Bg2 Bb7 10. O-O Qc7 11. c4 Be7 12. Qe2 O-O 13. f4 Rfe8 14. Rac1 Bf8 15.
Nc2 e5 16. Ne3 b5 17. cxb5 Qb6 18. Ndc4 Qxb5 19. fxe5 dxe5 20. Ng4 Nxg4 21.
Qxg4 Rad8 22. Kh1 Bc8 23. Qf3 f6 24. Ne3 Nb6 25. Rfd1 Qa5 26. a3 Be6 27. b4 Qa4
28. Nd5 Nxd5 29. exd5 Bf7 30. Qd3 a5 31. b5 e4 32. Qd4 Qxb5 33. a4 Qxd5 0-1

[Event "BL 0304 Stuttgarter Sfr - SV Werder Bremen"]
[Site "Bremen"]
[Date "2003.12.14"]
[Round "6.6"]
[White "Lorscheid, Gerhard"]
[Black "Gallagher, Joseph G"]
[Result "1/2-1/2"]
[WhiteElo "2297"]
[BlackElo "2522"]
[PlyCount "66"]
[EventDate "2003.12.13"]

1. d4 Nf6 2. c4 g6 3. Nc3 Bg7 4. e4 d6 5. Bd3 O-O 6. Nge2 Nc6 7. O-O Nh5 8. Bc2
e5 9. d5 Ne7 10. a4 f5 11. exf5 Nxf5 12. Ne4 Nf6 13. Bg5 Qe8 14. a5 Nxe4 15.
Bxe4 Bf6 16. Bd2 Qe7 17. Bc3 Bg7 18. Qd3 Bd7 19. b4 Rae8 20. Rad1 Nh6 21. Bd2
b6 22. Ra1 Qh4 23. axb6 axb6 24. Ra7 Rc8 25. Nc3 Ng4 26. Qg3 Qd8 27. Bf3 Nh6
28. Be4 Ra8 29. Rfa1 Rxa7 30. Rxa7 Qb8 31. Ra1 Nf5 32. Qd3 Nd4 33. Ne2 Nxe2+
1/2-1/2

[Event "BL 0304 Stuttgarter Sfr - SV Werder Bremen"]
[Site "Bremen"]
[Date "2003.12.14"]
[Round "6.7"]
[White "Skripchenko-Lautier, Almira"]
[Black "Vuckovic, Aleksandar"]
[Result "1-0"]
[WhiteElo "2460"]
[BlackElo "2321"]
[PlyCount "121"]
[EventDate "2003.12.13"]

1. e4 c5 2. Nc3 d6 3. f4 Nc6 4. Nf3 g6 5. Bc4 Bg7 6. O-O a6 7. d3 e6 8. f5 h6
9. Qe1 g5 10. fxe6 Bxe6 11. Bxe6 fxe6 12. Qg3 Nf6 13. Be3 Qe7 14. e5 dxe5 15.
Nxe5 Nxe5 16. Qxe5 Rc8 17. Qg3 O-O 18. Rae1 Nd5 19. Rxf8+ Qxf8 20. Bf2 Nxc3 21.
bxc3 Rc6 22. Re4 Kh7 23. c4 Qf6 24. Qg4 Qf5 25. Qe2 Kg8 26. h4 Kf7 27. Re3 g4
28. Re4 h5 29. Bg3 Ke7 30. Rf4 Qg6 31. Rf1 Bf6 32. Kh1 b6 33. a4 Rc8 34. Rb1
Rc6 35. Rf1 Rc8 36. Qd2 a5 37. Rb1 Rc6 38. Qe3 Bd4 39. Qe2 e5 40. Rc1 e4 41. c3
Bf6 42. dxe4 Re6 43. Qd2 Qxe4 44. Rd1 Kf7 45. Qh6 Qg6 46. Qf4 Qe4 47. Qc7+ Kg6
48. Qb8 Re8 49. Qxb6 Qxc4 50. Qb5 Qxb5 51. axb5 Bxc3 52. Rc1 Re3 53. Bc7 g3 54.
Bf4 Rd3 55. b6 Bd2 56. Rd1 Rb3 57. Bxd2 a4 58. Ra1 a3 59. Bc1 Rxb6 60. Rxa3 Rb1
61. Rxg3+ 1-0

[Event "BL 0304 Stuttgarter Sfr - SV Werder Bremen"]
[Site "Bremen"]
[Date "2003.12.14"]
[Round "6.8"]
[White "Gabriel, Josef"]
[Black "Joachim, Sven"]
[Result "0-1"]
[WhiteElo "2179"]
[BlackElo "2434"]
[PlyCount "44"]
[EventDate "2003.12.13"]

1. c4 e5 2. Nc3 Nf6 3. Nf3 Nc6 4. d4 exd4 5. Nxd4 Bb4 6. Qd3 O-O 7. Bf4 Nxd4 8.
Qxd4 c5 9. Qd3 d5 10. O-O-O Bxc3 11. Qxc3 Be6 12. f3 b5 13. e4 d4 14. Qc2 Qa5
15. Kb1 Nd7 16. b3 Qb6 17. Ka1 a5 18. cxb5 a4 19. bxa4 c4 20. Qd2 Rxa4 21. Qxd4
Rxa2+ 22. Kxa2 Qxb5 0-1

[Event "BL 0304 Hamburger SK - SFR Neukölln"]
[Site "Berlin"]
[Date "2003.12.14"]
[Round "6.1"]
[White "Movsesian, Sergei"]
[Black "Ftacnik, Lubomir"]
[Result "1/2-1/2"]
[WhiteElo "2645"]
[BlackElo "2585"]
[PlyCount "86"]
[EventDate "2003.12.13"]

1. e4 c5 2. Nf3 d6 3. d4 cxd4 4. Nxd4 Nf6 5. Nc3 a6 6. Be3 e5 7. Nb3 Be6 8. f4
exf4 9. Bxf4 Nc6 10. Qe2 Be7 11. h3 O-O 12. O-O-O Re8 13. Kb1 Bf8 14. g4 Bxb3
15. cxb3 Nxe4 16. Nxe4 d5 17. Bg2 Qa5 18. Rhf1 dxe4 19. Rd7 Nb4 20. a3 Nd3 21.
Bd2 Qb5 22. Rdxf7 Qxb3 23. Bc3 Rac8 24. Qd2 Rxc3 25. Qxc3 Qxc3 26. bxc3 Bxa3
27. Rxb7 e3 28. Bd5+ Kh8 29. Bf3 Nf4 30. Re1 g5 31. Kc2 e2 32. Bxe2 Rxe2+ 33.
Rxe2 Nxe2 34. Kd3 Nf4+ 35. Ke4 Nxh3 36. Kf5 Kg8 37. c4 Nf4 38. Kxg5 Nd3 39. Kf6
Bf8 40. Ra7 Nc5 41. Ke5 Nd3+ 42. Ke6 Bb4 43. Kf6 Bc3+ 1/2-1/2

[Event "BL 0304 Hamburger SK - SFR Neukölln"]
[Site "Berlin"]
[Date "2003.12.14"]
[Round "6.2"]
[White "Gustafsson, Jan"]
[Black "Rogozenko, Dorian"]
[Result "1/2-1/2"]
[WhiteElo "2571"]
[BlackElo "2517"]
[PlyCount "49"]
[EventDate "2003.12.13"]

1. Nf3 Nf6 2. c4 e6 3. Nc3 d5 4. d4 dxc4 5. e3 a6 6. a4 c5 7. Bxc4 Nc6 8. O-O
Be7 9. Qe2 cxd4 10. Rd1 e5 11. exd4 exd4 12. Nxd4 Nxd4 13. Qe5 Qd6 14. Qxd4
Qxd4 15. Rxd4 O-O 16. Bg5 h6 17. Bh4 g5 18. Bg3 Bf5 19. Bd6 Rad8 20. Rad1 Rfe8
21. f3 Rd7 22. Bxe7 Rdxe7 23. Kf2 Kg7 24. Rd6 Be6 25. Bf1 1/2-1/2

[Event "BL 0304 Hamburger SK - SFR Neukölln"]
[Site "Berlin"]
[Date "2003.12.14"]
[Round "6.3"]
[White "Berndt, Stephan"]
[Black "Kempinski, Robert"]
[Result "1/2-1/2"]
[WhiteElo "2462"]
[BlackElo "2561"]
[PlyCount "47"]
[EventDate "2003.12.13"]

1. e4 c5 2. Nf3 d6 3. d4 cxd4 4. Nxd4 Nf6 5. Nc3 a6 6. Bc4 e6 7. Bb3 b5 8. Bg5
Be7 9. Qf3 Qb6 10. O-O-O Qb7 11. Rhe1 O-O 12. a3 Bd7 13. e5 Qxf3 14. Nxf3 dxe5
15. Nxe5 Bc6 16. g4 h6 17. Bf4 Bb7 18. Ng6 fxg6 19. Rxe6 Kh7 20. Rxe7 Bf3 21.
g5 hxg5 22. Rd3 g4 23. Bg5 Nc6 24. Rc7 1/2-1/2

[Event "BL 0304 Hamburger SK - SFR Neukölln"]
[Site "Berlin"]
[Date "2003.12.14"]
[Round "6.4"]
[White "Hansen, Sune Berg"]
[Black "Polzin, Rainer"]
[Result "1/2-1/2"]
[WhiteElo "2551"]
[BlackElo "2489"]
[PlyCount "37"]
[EventDate "2003.12.13"]

1. e4 c5 2. Nf3 d6 3. d4 cxd4 4. Nxd4 Nf6 5. Nc3 g6 6. Bc4 Bg7 7. O-O O-O 8.
Re1 Nc6 9. Bb3 Bd7 10. h3 Nxd4 11. Qxd4 Bc6 12. Qe3 e6 13. Qd3 d5 14. exd5 Nxd5
15. Nxd5 Bxd5 16. Bxd5 Qxd5 17. Qxd5 exd5 18. c3 d4 19. cxd4 1/2-1/2

[Event "BL 0304 Hamburger SK - SFR Neukölln"]
[Site "Berlin"]
[Date "2003.12.14"]
[Round "6.5"]
[White "Borriss, Martin Dr"]
[Black "Wahls, Matthias"]
[Result "1-0"]
[WhiteElo "2445"]
[BlackElo "2546"]
[PlyCount "87"]
[EventDate "2003.12.13"]

1. e4 c5 2. Nf3 e6 3. d4 cxd4 4. Nxd4 a6 5. Nc3 Qc7 6. Be2 Nf6 7. O-O Bb4 8.
Qd3 Nc6 9. Nxc6 bxc6 10. f4 d5 11. e5 Nd7 12. b3 Bb7 13. Bb2 Be7 14. Qg3 g6 15.
Na4 c5 16. c4 d4 17. Bc1 O-O 18. Bd2 f5 19. exf6 Nxf6 20. Qh3 Rae8 21. Bf3 Bc8
22. Qg3 Bd6 23. Rae1 Kh8 24. Qh4 Ng8 25. Be4 Ne7 26. b4 Nf5 27. Bxf5 gxf5 28.
Nxc5 Bxc5 29. bxc5 Bb7 30. h3 Rf7 31. Kh2 Qxc5 32. Rg1 Qxc4 33. Bc1 Qxa2 34.
Rd1 Rg8 35. Rd2 Qa5 36. Qf2 e5 37. Bb2 Rfg7 38. g3 h6 39. fxe5 Kh7 40. Qxf5+
Rg6 41. Rxd4 Qa2 42. Rd7+ R8g7 43. Rxg7+ Kxg7 44. Qd7+ 1-0

[Event "BL 0304 Hamburger SK - SFR Neukölln"]
[Site "Berlin"]
[Date "2003.12.14"]
[Round "6.6"]
[White "Bezold, Michael"]
[Black "Poldauf, Dirk"]
[Result "1-0"]
[WhiteElo "2456"]
[BlackElo "2404"]
[PlyCount "95"]
[EventDate "2003.12.13"]

1. g3 Nf6 2. Bg2 g6 3. e4 d6 4. Ne2 Bg7 5. d4 O-O 6. Nbc3 c6 7. a4 a5 8. h3 Na6
9. O-O e5 10. Be3 Nb4 11. Qd2 exd4 12. Bxd4 d5 13. exd5 cxd5 14. Nb5 Nc6 15.
Be3 Ne5 16. Qc1 Re8 17. Nec3 Bf5 18. Rd1 Rc8 19. Bg5 Kh8 20. g4 Be6 21. Qf4 Nc4
22. b3 Nb6 23. Nd6 Rxc3 24. Nxe8 Nbd7 25. Nxg7 Kxg7 26. Rd2 Qb6 27. Re1 h5 28.
Bxf6+ Nxf6 29. Qe5 Qc7 30. Qxc7 Rxc7 31. g5 Ne4 32. Bxe4 dxe4 33. Rxe4 Bxh3 34.
Re5 b6 35. c4 Be6 36. Rd6 Rb7 37. Rb5 h4 38. Rbxb6 Re7 39. Rb5 Bg4 40. Rd4 Re1+
41. Kh2 Bf3 42. Rxh4 Bc6 43. Rc5 Bf3 44. Kg3 Bb7 45. f3 Rg1+ 46. Kf2 Rb1 47.
Rxa5 Rxb3 48. Rb5 1-0

[Event "BL 0304 Hamburger SK - SFR Neukölln"]
[Site "Berlin"]
[Date "2003.12.14"]
[Round "6.7"]
[White "Thiede, Lars"]
[Black "Reeh, Oliver"]
[Result "1/2-1/2"]
[WhiteElo "2440"]
[BlackElo "2446"]
[PlyCount "81"]
[EventDate "2003.12.13"]

1. g3 c5 2. c4 g6 3. Bg2 Bg7 4. Nc3 Nc6 5. a3 b6 6. e3 Bxc3 7. dxc3 Bb7 8. b3
f5 9. e4 Ne5 10. Bf4 Nf7 11. f3 fxe4 12. fxe4 Nf6 13. Qe2 e5 14. Bd2 Qe7 15.
Nh3 h6 16. O-O O-O 17. Nf2 Kg7 18. a4 a5 19. Rad1 Bc6 20. Bc1 d6 21. Rde1 Bd7
22. Bh3 Bxh3 23. Nxh3 Qe6 24. Kg2 Ng4 25. Rf3 Nf6 26. Ref1 Nh7 27. Qd1 Nfg5 28.
Bxg5 Nxg5 29. Nxg5 hxg5 30. Rxf8 Rxf8 31. Rxf8 Kxf8 32. Qd2 g4 33. Qh6+ Kg8 34.
Qg5 Kg7 35. Qd8 Qf7 36. Kg1 Qf3 37. Qe7+ Kh6 38. Qh4+ Kg7 39. Qe7+ Kh6 40. Qh4+
Kg7 41. Qe7+ 1/2-1/2

[Event "BL 0304 Hamburger SK - SFR Neukölln"]
[Site "Berlin"]
[Date "2003.12.14"]
[Round "6.8"]
[White "Heinemann, Thies"]
[Black "Rudolf, Henrik"]
[Result "1/2-1/2"]
[WhiteElo "2426"]
[BlackElo "2316"]
[PlyCount "73"]
[EventDate "2003.12.13"]

1. e4 d6 2. d4 Nf6 3. Nc3 g6 4. Nf3 Bg7 5. Be2 O-O 6. O-O c6 7. Re1 Nbd7 8. a4
e5 9. dxe5 dxe5 10. b3 Qa5 11. Qd2 Re8 12. Ba3 Bf8 13. Bxf8 Nxf8 14. Nd5 Qd8
15. Nxf6+ Qxf6 16. a5 Bg4 17. Qe3 Bxf3 18. Bxf3 Ne6 19. c3 Qf4 20. Qxf4 Nxf4
21. Red1 Red8 22. Kf1 Kf8 23. g3 Ne6 24. Ke2 Ke7 25. Ke3 Rxd1 26. Bxd1 Rd8 27.
b4 f6 28. Bb3 Nc7 29. Rd1 Rxd1 30. Bxd1 b6 31. axb6 axb6 32. Bb3 Ne8 33. h4 h6
34. Bd1 Nd6 35. Be2 Ke6 36. Bd3 Ke7 37. Be2 1/2-1/2